| 000 | 00824nam a22002177a 4500 | ||
|---|---|---|---|
| 999 |
_c11679 _d11679 |
||
| 003 | AR-CdUCM | ||
| 008 | 190404b ||||| |||| 00| 0 spa d | ||
| 040 |
_aMUNICIPALIDAD PROVINCIAL DEL CUSCO _cBIBLIOTECA MUNICIPAL DEL CUSCO |
||
| 082 |
_a102 / _bL89 / 1860 |
||
| 100 |
_aLorente, Sebastián, _94238 |
||
| 245 | _aCompendio de filosofía para los colegios de América / | ||
| 260 |
_aParís : _bLibrería de Masias, _c1860. |
||
| 300 |
_a213 paginas ; _c15 cm. |
||
| 500 | _aDedicatoria | ||
| 505 | _aContenido : De las materias que contiene este tratado -- Idea del sur -- La esencia -- Especies de ser -- La unidad -- Relaciones del ser... | ||
| 650 |
_aFilosofía _9395 |
||
| 650 |
_aTextos escolares _94527 |
||
| 650 |
_aEstudio y enseñanza. Ética _929159 |
||
| 942 |
_2ddc _cLIBROS |
||
| 945 |
_awnts _d2019-04-04 |
||